Symbolon/Diabolon. Simboli, religioni, diritti nell'Europa multiculturale, Edoardo Dieni, Alessandro Ferrari et Vincenzo Pacillo (éds), Il Mulino, Bologne, 2005, 326 p. I simboli religiosi tra diritto e culture, Edoardo Dieni, Alessandro Ferrari et Vincenzo Pacillo (éds), Giuffrè, Milan, 2006, 402 p. (notice n° 1536249)
[ vue normale ]
| 000 -LEADER | |
|---|---|
| fixed length control field | 00733cam a2200145 4500500 |
| 005 - DATE AND TIME OF LATEST TRANSACTION | |
| control field | 20251012020629.0 |
| 041 ## - LANGUAGE CODE | |
| Language code of text/sound track or separate title | fre |
| 042 ## - AUTHENTICATION CODE | |
| Authentication code | dc |
| 100 10 - MAIN ENTRY--PERSONAL NAME | |
| Personal name | d'Arienzo, María |
| Relator term | author |
| 245 00 - TITLE STATEMENT | |
| Title | Symbolon/Diabolon. Simboli, religioni, diritti nell'Europa multiculturale, Edoardo Dieni, Alessandro Ferrari et Vincenzo Pacillo (éds), Il Mulino, Bologne, 2005, 326 p. I simboli religiosi tra diritto e culture, Edoardo Dieni, Alessandro Ferrari et Vincenzo Pacillo (éds), Giuffrè, Milan, 2006, 402 p. |
| 260 ## - PUBLICATION, DISTRIBUTION, ETC. | |
| Date of publication, distribution, etc. | 2006.<br/> |
| 500 ## - GENERAL NOTE | |
| General note | 62 |
| 786 0# - DATA SOURCE ENTRY | |
| Note | L'Année canonique | XLVIII | 1 | 2006-02-11 | p. 380-381 | 0570-1953 |
| 856 41 - ELECTRONIC LOCATION AND ACCESS | |
| Uniform Resource Identifier | <a href="https://shs.cairn.info/revue-l-annee-canonique-2006-1-page-380?lang=fr&redirect-ssocas=7080">https://shs.cairn.info/revue-l-annee-canonique-2006-1-page-380?lang=fr&redirect-ssocas=7080</a> |
Pas d'exemplaire disponible.




Réseaux sociaux